Biggest Airports per U.S. State - Statistics

General Stats
  • This quiz has been taken 1,107 times
    121 since last reset
  • The average score is 26 of 50
Answer Stats
Hint Answer % Correct
Alabama (BHM) Birmingham-Shuttlesworth International Airport
93%
Arixona (PHX) Sky Harbor International Airport
93%
Alaska (ANC) Ted Stevens Anchorage International Airport
93%
California (LAX) Los Angeles International Airport
86%
Colorado (DEN) Denver International Airport
85%
Florida (MIA) Miami International Airport
83%
Hawaii (HNL) Honolulu International Airport
81%
Idaho (BOI) Boise Airport
78%
Oregon (PDX) Portland International Airport
78%
Indiana (IND) Indianapolis International Airport
75%
Iowa (DSM) Des Moines International Airport
72%
North Carolina (CLT) Charlotte/Douglas International Airport
71%
Illinois (ORD) Chicago O'Hare International Airport
71%
Maryland (BWI) Baltimore/Washington International Thurgood Marshall Airport
70%
Mississippi (JAN) Jackson-Evers International Airport
68%
Texas (DFW) Dallas/Forth Worth International Airport
67%
New York (JFK) John F. Kennedy International Airport
67%
Washington (SEA) Seattle/Tacoma International Airport
67%
Ohio (CLE) Cleveland-Hopkins International Airport
66%
Minnesota (MSP) Minneapolis-St. Paul International Airport
66%
Pennsylvania (PHL) Philadelphia International Airport
65%
Utah (SLC) Salt Lake City International Airport
65%
Rhode Island (PVD) Theodore Francis Green State Airport
62%
Missouri (MCI) Kansas City International Airport
59%
New Mexico (ABQ) Albuquerque International Sunport
57%
Tennessee (BNA) Nashville International Airport
56%
South Carolina (CHS) Charleston International Airport
55%
Kansas (ICT) Wichita Dwight D. Eisenhower Airport
55%
Montana (BZN) Bozeman-Yellowstone International Airport
53%
Massachusetts (BOS) General Edward Lawrence Logan International Airport
49%
Georgia (ATL) Hartsfield-Jackson Atlanta International Airport
46%
Delaware (ILG) Wilmington Airport
45%
Virginia (IAD) Washington-Dulles International Airport
44%
Vermont (BTV) Burlington International Airport
39%
South Dakota (FSD) Sioux Falls Regional Airport
37%
New Hampshire (MHT) Manchester-Boston Regional Airport
36%
Kentucky (CVG) Cincinnati/Northern Kentucky International Airport
34%
Wyoming (JAC) Jackson Hole Airport
34%
Louisiana (MSY) Louis Armstrong New Orleans International Airport
26%
New Jersey (EWR) Newark Liberty International Airport
25%
Arkansas (LIT) Bill and Hillary Clinton National Airport
24%
Nevada (LAS) Harry Reid International Airport
24%
Connecticut (BDL) Bradley International Airport
19%
Michigan (DTW) Detroit Metropolitan Wayne County Airport
17%
Wisconsin (MKE) General Mitchell International Airport
10%
Maine (PWM) Portland International Jetport
10%
Oklahoma (OKC) Will Rogers World Airport
10%
Nebraska (OMA) Eppley Airfield
8%
West Virginia (CRW) Yeager Airport
5%
North Dakota (FAR) Hector International Airport
3%
No matching quizzes found
Score Distribution
Percent of People with Each Score
Percentile by Number Answered
Your Score History
You have not taken this quiz since the last reset